[Event "Bogota McGregor op 3rd"]
[Site "Bogota"]
[Date "2012.12.15"]
[Round "7"]
[White "Moreno, Javier"]
[Black "Sabogal Varela, Jeison Stiven"]
[Result "0-1"]
[WhiteElo "1764"]
[BlackElo "1962"]
[PlyCount "32"]
[EventDate "2012.12.12"]
[EventType "swiss"]
[EventRounds "9"]
[EventCountry "COL"]
[SourceTitle "EXT 2014"]
[Source "ChessBase"]
[SourceDate "2013.11.20"]
[SourceVersion "1"]
[SourceVersionDate "2013.11.20"]
[SourceQuality "1"]

1. e4 d6 2. Nf3 Nf6 3. Nc3 g6 4. Bc4 Bg7 5. 0-0 0-0 6. h3 Nxe4 7. Bxf7+ Rxf7 8. Nxe4 b6 9. c3 Qf8 10. Nfg5 Rf5 11. g4 Rd5 12. Qb3 e6 13. c4 Rd4 14. c5 d5 15. cxb6 Rb4 16. Qg3 dxe4 0-1

[Event "Bogota Humana op"]
[Site "Bogota"]
[Date "2012.12.09"]
[Round "8"]
[White "Ortegon Villacorte, Linda Daniela"]
[Black "Sabogal Varela, Jeison Stiven"]
[Result "1-0"]
[WhiteElo "1837"]
[BlackElo "1962"]
[PlyCount "58"]
[EventDate "2012.12.05"]
[EventType "swiss"]
[EventRounds "9"]
[EventCountry "COL"]
[SourceTitle "EXT 2014"]
[Source "ChessBase"]
[SourceDate "2013.11.20"]
[SourceVersion "1"]
[SourceVersionDate "2013.11.20"]
[SourceQuality "1"]

1. e4 d6 2. d4 Nf6 3. Bd3 e5 4. Ne2 Nc6 5. c3 Be7 6. 0-0 exd4 7. Nxd4 Ne5 8. Bc2 0-0 9. f4 Ng6 10. Nd2 Re8 11. N2f3 Bf8 12. f5 Ne5 13. Bg5 c6 14. Nxe5 dxe5 15. Nf3 Qb6+ 16. Kh1 Ng4 17. Qe2 Bc5 18. h3 Ne3 19. Bxe3 Bxe3 20. Bb3 a5 21. Qc4 Qc7 22. Rae1 Bf4 23. a4 b6 24. Ng1 Ba6 25. Qxf7+ Qxf7 26. Bxf7+ Kxf7 27. Rf3 Red8 28. g3 Bd2 29. Rd1 Bc4 1-0

[Event "Bogota op 03"]
[Site "Bogota"]
[Date "2012.03.17"]
[Round "4"]
[White "Pereira Vera, Henry Alberto"]
[Black "Sabogal Varela, Jeison Stiven"]
[Result "1-0"]
[WhiteElo "2086"]
[BlackElo "1738"]
[PlyCount "59"]
[EventDate "2012.03.15"]
[EventType "swiss"]
[EventRounds "7"]
[EventCountry "COL"]
[SourceTitle "CBM 147 Extra"]
[Source "ChessBase"]
[SourceDate "2012.04.24"]
[SourceVersion "1"]
[SourceVersionDate "2012.04.24"]
[SourceQuality "1"]

1. c4 Nf6 2. Nc3 g6 3. e4 d6 4. d4 Bg7 5. Nf3 0-0 6. Be2 c5 7. 0-0 cxd4 8. Nxd4 a6 9. Be3 Nc6 10. Rb1 Nxd4 11. Bxd4 Be6 12. e5 dxe5 13. Bxe5 Qa5 14. Bxf6 exf6 15. b4 Qe5 16. Nd5 Rad8 17. Bf3 b5 18. Re1 Qb8 19. Qc2 bxc4 20. Ne7+ Kh8 21. Nc6 Qc7 22. Nxd8 Rxd8 23. b5 axb5 24. Rxb5 Qa7 25. Rxe6 fxe6 26. Qxc4 e5 27. h4 Rb8 28. Rb7 Qa8 29. Rxg7 Qa3 30. Qc7 1-0